00552nam a2200145 i 4500001000300000245015600003260002100159700002700180700003400207040000800241041000800249080001000257008004100267856009800308bg 0aAmorphous magnetism :bproceedings of the International Symposium, August 17-18, 1972, Detroit, Michigan /ced. by Henry O. Hooper, Adrian M. de Graaf. aNew York,c1973.1 aHooper, Henry O.eRed.1 aGraaf, Adrian M.c(de).eRed. cBPK apol a537.6 s pl f |000 0 pol  uhttp://koha.tu.koszalin.pl/cgi-bin/koha/opac-detail.pl?biblionumber=26403yKatalog online BPK